000 00454nam a2200181Ia 4500
001 22470
005 20260414150833.0
008 260414t2006||||xx |||||||||||||| ||spa||
041 _aESP
082 _a621.3815
_bP84
100 _aPrat Viñas, Lluís
_eAUT
245 0 _aDispositivos electrónicos y fotónicos :
_bfundamentos
260 _c2006
300 _a397 páginas :
_c26 cm.
650 _aTCA
654 _aCET
942 _cLIB
_dJUS
_fJUS
_2ddc
_n
999 _c22470
_d22470